[Event "Montreal Mercredi 02"]
[Site "Montreal CAN"]
[Date "2012.03.07"]
[Round "3"]
[White "Ramaswamy, Kiran"]
[Black "Valle-Romo, Ricardo"]
[Result "1-0"]
[WhiteElo "1947"]
[BlackElo "2085"]
[PlyCount "60"]
[GameId "2160767909576256"]
[EventDate "2012.02.22"]
[EventType "swiss"]
[EventRounds "5"]
[EventCountry "CAN"]

1. c4 b6 2. Nf3 Bb7 3. Nc3 e6 4. e4 Bb4 5. d3 Bxc3+ 6. bxc3 Ne7 7. g3 O-O 8. Bg2 d6 9. O-O Nd7 10. a4 a5 11. Re1 Ng6 12. d4 h6 13. Ba3 Re8 14. Qd3 e5 15. Nd2 Ba6 16. Qe3 Qg5 17. Qxg5 hxg5 18. Nf3 g4 19. Nd2 Rad8 20. f3 gxf3 21. Bxf3 Nb8 22. Be2 Nc6 23. Bb2 Nf8 24. Bf1 Nh7 25. Rad1 Nf6 26. Bd3 Re7 27. Re3 Bc8 28. Nb3 exd4 29. cxd4 Nb4 30. Bb1 Bd7 1-0

[Event "Montreal Mercredi 02"]
[Site "Montreal CAN"]
[Date "2012.03.07"]
[Round "3"]
[White "Rondon, Luciano"]
[Black "Bergeron, Rene"]
[Result "1-0"]
[WhiteElo "1792"]
[BlackElo "1747"]
[PlyCount "86"]
[GameId "2160767909576257"]
[EventDate "2012.02.22"]
[EventType "swiss"]
[EventRounds "5"]
[EventCountry "CAN"]
[SourceTitle "EXT 2022"]
[Source "ChessBase"]
[SourceDate "2021.10.06"]
[SourceVersion "1"]
[SourceVersionDate "2021.10.06"]
[SourceQuality "1"]

1. d4 d5 2. c4 e6 3. Nf3 Nd7 4. Nc3 Ngf6 5. Bg5 Be7 6. e3 O-O 7. Bd3 c5 8. O-O cxd4 9. exd4 dxc4 10. Bxc4 Nb6 11. Bd3 Nfd5 12. Ne4 Bd7 13. Qd2 Bc6 14. Rac1 Qe8 15. Ne5 Bb4 16. Qe2 Be7 17. Nxc6 bxc6 18. Bxe7 Nxe7 19. Qh5 f5 20. Qxe8 Rfxe8 21. Ng5 Ned5 22. a3 h6 23. Nf3 Nf4 24. Ba6 Rad8 25. g3 Nfd5 26. Rxc6 Re7 27. Re1 Kf7 28. b3 Nc7 29. Bc4 Nxc4 30. bxc4 Rb8 31. d5 Nxd5 32. cxd5 exd5 33. Rxe7+ Kxe7 34. Rc7+ Kd6 35. Rxg7 Rb3 36. Nd4 Rxa3 37. Nb5+ Kc5 38. Nxa3 d4 39. Kf1 a5 40. Ke2 Kb4 41. Kd3 Kxa3 42. Kxd4 Kb3 43. Ra7 a4 1-0

[Event "Montreal Mercredi 02"]
[Site "Montreal CAN"]
[Date "2012.03.12"]
[Round "3"]
[White "Mestre, Evick"]
[Black "Millette, Sylvain"]
[Result "1/2-1/2"]
[WhiteElo "1510"]
[BlackElo "1533"]
[PlyCount "150"]
[GameId "2160767909576258"]
[EventDate "2012.02.22"]
[EventType "swiss"]
[EventRounds "5"]
[EventCountry "CAN"]
[SourceTitle "EXT 2022"]
[Source "ChessBase"]
[SourceDate "2021.10.06"]
[SourceVersion "1"]
[SourceVersionDate "2021.10.06"]
[SourceQuality "1"]

1. e4 Nf6 2. e5 Nd5 3. d4 d6 4. c4 Nb6 5. f4 dxe5 6. fxe5 Nc6 7. Be3 Bf5 8. Nc3 e6 9. Nf3 Bg4 10. Be2 Bxf3 11. gxf3 Qh4+ 12. Bf2 Qh6 13. Qd3 Bb4 14. Qe3 Qxe3 15. Bxe3 Na4 16. Kf2 Nxc3 17. bxc3 Bxc3 18. Rad1 O-O-O 19. d5 exd5 20. cxd5 Nxe5 21. f4 Nd7 22. Bxa7 Ba5 23. d6 Bb6+ 24. Bxb6 Nxb6 25. dxc7 Rxd1 26. Rxd1 Kxc7 27. Rc1+ Kb8 28. Bf3 Rc8 29. Rb1 Rc2+ 30. Kg3 Ka7 31. a4 Rc7 32. a5 Nc4 33. Rc1 Kb8 34. Bd5 Nxa5 35. Rxc7 Kxc7 36. Bxf7 b5 37. Kf3 Kd6 38. Bg8 h6 39. Ke3 b4 40. Kd4 b3 41. Kc3 Kc5 42. Bf7 b2 43. Kxb2 Kd4 44. Bg6 Nc4+ 45. Kc2 Ke3 46. f5 Nd6 47. Kd1 Kf2 48. Kd2 Kf3 49. Ke1 Kg2 50. Ke2 Nc4 51. Kd3 Ne5+ 52. Ke4 Nxg6 53. fxg6 Kxh2 54. Kf4 Kg2 55. Kg4 Kf2 56. Kf4 Ke2 57. Ke4 Kd2 58. Kd4 Kc2 59. Ke4 Kc3 60. Ke3 Kc4 61. Ke4 Kc5 62. Ke5 h5 63. Kf4 Kd6 64. Kg5 Ke6 65. Kh4 Kf6 66. Kxh5 Kf5 67. Kh4 Kxg6 68. Kg4 Kf6 69. Kf4 g5+ 70. Kg4 Kg6 71. Kg3 Kh5 72. Kh3 Kg6 73. Kg4 Kf6 74. Kg3 Kf5 75. Kf3 g4+ 1/2-1/2

[Event "Montreal Mercredi 02"]
[Site "Montreal CAN"]
[Date "2012.03.14"]
[Round "4"]
[White "Baran, Marius"]
[Black "Munshi, Shawkat"]
[Result "1-0"]
[WhiteElo "1712"]
[BlackElo "1607"]
[PlyCount "87"]
[GameId "2160767909576259"]
[EventDate "2012.02.22"]
[EventType "swiss"]
[EventRounds "5"]
[EventCountry "CAN"]
[SourceTitle "EXT 2022"]
[Source "ChessBase"]
[SourceDate "2021.10.06"]
[SourceVersion "1"]
[SourceVersionDate "2021.10.06"]
[SourceQuality "1"]

1. d4 Nf6 2. c4 e6 3. Nf3 b6 4. Nc3 Bb7 5. Bg5 Be7 6. e3 O-O 7. Bd3 h6 8. Bh4 d5 9. O-O Nbd7 10. Rc1 dxc4 11. Bxc4 c5 12. Qe2 a6 13. Rfd1 b5 14. Bb3 c4 15. Bc2 Nd5 16. Bxe7 Qxe7 17. Nxd5 exd5 18. Bb1 Nf6 19. Ne5 Rfd8 20. Qc2 Ne4 21. f3 Nf6 22. Re1 Rd6 23. Kf2 Rc8 24. Qf5 Qe6 25. Qxe6 fxe6 26. Bg6 Rc7 27. g4 Kf8 28. Rg1 Bc6 29. g5 hxg5 30. Rxg5 Be8 31. h4 b4 32. h5 Bxg6 33. hxg6 a5 34. Nd3 Nd7 35. Rh5 c3 36. Rh8+ Ke7 37. bxc3 Rxc3 38. Rxc3 bxc3 39. Rc8 Kf6 40. Rxc3 Kxg6 41. Rc7 Nb6 42. Ne5+ Kf6 43. f4 a4 44. Rf7# 1-0

[Event "Montreal Mercredi 02"]
[Site "Montreal CAN"]
[Date "2012.03.14"]
[Round "4"]
[White "Berthiaume, Yves"]
[Black "Chenard, Yanick"]
[Result "1/2-1/2"]
[WhiteElo "1456"]
[BlackElo "1510"]
[PlyCount "66"]
[GameId "2160767909576260"]
[EventDate "2012.02.22"]
[EventType "swiss"]
[EventRounds "5"]
[EventCountry "CAN"]
[SourceTitle "EXT 2022"]
[Source "ChessBase"]
[SourceDate "2021.10.06"]
[SourceVersion "1"]
[SourceVersionDate "2021.10.06"]
[SourceQuality "1"]

1. d4 Nf6 2. Nf3 e6 3. c4 b6 4. g3 Bb7 5. Bg2 Be7 6. O-O O-O 7. Nbd2 Na6 8. b3 d5 9. Ne5 Nd7 10. Bb2 Nxe5 11. dxe5 Bc5 12. e3 Nb4 13. Bd4 Rb8 14. a3 Nc6 15. Bb2 d4 16. exd4 Bxd4 17. Bxd4 Qxd4 18. Nf3 Qc5 19. Re1 Rfd8 20. Qc2 Nd4 21. Nxd4 Rxd4 22. Bxb7 Rxb7 23. Rad1 Rxd1 24. Rxd1 Rb8 25. Qb2 Kf8 26. a4 a5 27. Qd4 Qb4 28. Rd3 Qe7 29. Kg2 Ke8 30. Qe4 Rd8 31. Qc6+ Rd7 32. f4 h5 33. h4 g6 1/2-1/2

[Event "Montreal Mercredi 02"]
[Site "Montreal CAN"]
[Date "2012.03.14"]
[Round "4"]
[White "Boudreau, Daniel"]
[Black "Nardone, Raul"]
[Result "1-0"]
[WhiteElo "1902"]
[BlackElo "1911"]
[PlyCount "107"]
[GameId "2160767909576261"]
[EventDate "2012.02.22"]
[EventType "swiss"]
[EventRounds "5"]
[EventCountry "CAN"]
[SourceTitle "EXT 2022"]
[Source "ChessBase"]
[SourceDate "2021.10.06"]
[SourceVersion "1"]
[SourceVersionDate "2021.10.06"]
[SourceQuality "1"]

1. e4 c5 2. Nf3 e6 3. d4 cxd4 4. Nxd4 Nc6 5. Be3 Nf6 6. Nc3 Bb4 7. Bd3 d5 8. exd5 Nxd5 9. Nxc6 bxc6 10. Bd2 Be7 11. O-O Rb8 12. Re1 O-O 13. Ne4 Nb4 14. Re3 f5 15. Nc3 Nxd3 16. Rxd3 Qe8 17. Na4 e5 18. Bc3 e4 19. Rg3 Rf7 20. Qh5 Be6 21. Qh6 Bf8 22. Nc5 Bc8 23. Re1 Qe7 24. b4 Qd6 25. Bxg7 Qxh6 26. Bxh6+ Kh8 27. Bf4 Rxb4 28. Be5+ Bg7 29. Rd1 h6 30. Rxg7 Rxg7 31. f3 Rc4 32. Nxe4 fxe4 33. Rd8+ Kh7 34. Bxg7 Bf5 35. fxe4 Bxe4 36. Rd4 Rxd4 37. Bxd4 a6 38. c3 Kg6 39. Kf2 Kf5 40. h3 Bd5 41. a3 Be4 42. g4+ Kg6 43. h4 Bd3 44. Kf3 Bb1 45. Kf4 Bc2 46. Ke5 Bd1 47. Kd6 Bf3 48. Kc5 Bxg4 49. Kxc6 Kf5 50. c4 Ke4 51. Bg7 h5 52. c5 Be2 53. Kd6 a5 54. c6 1-0

[Event "Montreal Mercredi 02"]
[Site "Montreal CAN"]
[Date "2012.03.14"]
[Round "4"]
[White "Cardin, Guillaume"]
[Black "Ramaswamy, Kiran"]
[Result "1-0"]
[WhiteElo "2079"]
[BlackElo "1947"]
[PlyCount "59"]
[GameId "2160767909576262"]
[EventDate "2012.02.22"]
[EventType "swiss"]
[EventRounds "5"]
[EventCountry "CAN"]
[SourceTitle "EXT 2022"]
[Source "ChessBase"]
[SourceDate "2021.10.06"]
[SourceVersion "1"]
[SourceVersionDate "2021.10.06"]
[SourceQuality "1"]

1. e4 c5 2. Nc3 Nc6 3. f4 d6 4. Nf3 g6 5. Bb5 Bd7 6. O-O Bg7 7. d3 Nf6 8. Qe1 Nd4 9. Bxd7+ Nxd7 10. Nxd4 cxd4 11. Nb5 a6 12. Na3 b5 13. f5 O-O 14. Qh4 Ne5 15. Bg5 Ra7 16. Rad1 Rc7 17. Bd2 Bf6 18. Qh3 Qd7 19. g4 Rb8 20. g5 Bg7 21. Rf4 b4 22. Nc4 Nxc4 23. dxc4 Rxc4 24. Rh4 Qa7 25. Rxh7 d3+ 26. Be3 dxc2 27. Rc1 Qb7 28. Rxg7+ Kxg7 29. Qh6+ Kg8 30. f6 1-0

[Event "Montreal Mercredi 02"]
[Site "Montreal CAN"]
[Date "2012.03.14"]
[Round "4"]
[White "Cote, Philippe"]
[Black "Hebert, Pierre"]
[Result "0-1"]
[WhiteElo "1704"]
[BlackElo "1634"]
[PlyCount "62"]
[GameId "2160767909576263"]
[EventDate "2012.02.22"]
[EventType "swiss"]
[EventRounds "5"]
[EventCountry "CAN"]
[SourceTitle "EXT 2022"]
[Source "ChessBase"]
[SourceDate "2021.10.06"]
[SourceVersion "1"]
[SourceVersionDate "2021.10.06"]
[SourceQuality "1"]

1. e4 c5 2. b4 cxb4 3. a3 bxa3 4. Nxa3 d6 5. d4 Nf6 6. Bd3 e6 7. Nf3 Be7 8. c3 Nbd7 9. O-O O-O 10. Nb5 e5 11. Ba3 exd4 12. cxd4 Nb6 13. e5 Ne8 14. Qe2 Be6 15. Bc1 d5 16. Rxa7 Rxa7 17. Nxa7 Nc4 18. Qa2 Nc7 19. Bf4 Qd7 20. Qb3 b5 21. Rb1 b4 22. Bg5 f6 23. exf6 gxf6 24. Bf4 Na8 25. Ra1 Nab6 26. Bxc4 dxc4 27. Qe3 Nd5 28. Qc1 c3 29. Ra6 b3 30. Rb6 b2 31. Qe1 Bf5 0-1

[Event "Montreal Mercredi 02"]
[Site "Montreal CAN"]
[Date "2012.03.14"]
[Round "4"]
[White "Gauthier, Luc"]
[Black "Bergeron, Rene"]
[Result "1-0"]
[WhiteElo "1738"]
[BlackElo "1747"]
[PlyCount "73"]
[GameId "2160767909576264"]
[EventDate "2012.02.22"]
[EventType "swiss"]
[EventRounds "5"]
[EventCountry "CAN"]
[SourceTitle "EXT 2022"]
[Source "ChessBase"]
[SourceDate "2021.10.06"]
[SourceVersion "1"]
[SourceVersionDate "2021.10.06"]
[SourceQuality "1"]

1. e4 e5 2. Nc3 Nc6 3. f4 Nf6 4. Nf3 d6 5. Bb5 Bg4 6. O-O Be7 7. d3 O-O 8. Bxc6 bxc6 9. h3 Bc8 10. fxe5 dxe5 11. Be3 Nd7 12. Qd2 a6 13. Ne2 Rb8 14. b3 Bb4 15. Qd1 Qe7 16. Kh2 Nf6 17. Bg5 Qe6 18. Ng3 h6 19. Be3 Qe7 20. Nd2 Bc5 21. Bxc5 Qxc5 22. Nc4 Be6 23. Nf5 Bxc4 24. bxc4 Kh7 25. Qf3 Rb2 26. Nxg7 Nxe4 27. Qxe4+ Kxg7 28. Qg4+ Kh8 29. Rf6 Kh7 30. Qh5 Qe3 31. Rxf7+ Rxf7 32. Qxf7+ Kh8 33. Qf8+ Kh7 34. Rf1 Qf4+ 35. Rxf4 exf4 36. Qf7+ Kh8 37. Qf6+ 1-0

[Event "Montreal Mercredi 02"]
[Site "Montreal CAN"]
[Date "2012.03.14"]
[Round "4"]
[White "Lacroix, Serge"]
[Black "Giroux, Robert"]
[Result "0-1"]
[WhiteElo "1858"]
[BlackElo "1807"]
[PlyCount "48"]
[GameId "2160767909576265"]
[EventDate "2012.02.22"]
[EventType "swiss"]
[EventRounds "5"]
[EventCountry "CAN"]
[SourceTitle "EXT 2022"]
[Source "ChessBase"]
[SourceDate "2021.10.06"]
[SourceVersion "1"]
[SourceVersionDate "2021.10.06"]
[SourceQuality "1"]

1. e4 c5 2. Nf3 g6 3. d4 cxd4 4. Nxd4 Nc6 5. Nc3 Bg7 6. Nb3 Nf6 7. Bd3 O-O 8. Be3 d6 9. f4 e5 10. Qd2 d5 11. exd5 exf4 12. Bxf4 Nxd5 13. Nxd5 Qxd5 14. O-O-O Bg4 15. Rde1 Rac8 16. h3 Be6 17. Be4 Qb5 18. Bxc6 Rxc6 19. Kb1 Bf5 20. Rc1 Rfc8 21. Nd4 Rxc2 22. Rxc2 Rxc2 23. Nxb5 Rxb2+ 24. Ka1 Rb1# 0-1

[Event "Montreal Mercredi 02"]
[Site "Montreal CAN"]
[Date "2012.03.14"]
[Round "4"]
[White "Le Bas, Nicolas"]
[Black "Amesse, Louis-Philippe"]
[Result "1-0"]
[WhiteElo "1568"]
[BlackElo "1602"]
[PlyCount "37"]
[GameId "2160767909576266"]
[EventDate "2012.02.22"]
[EventType "swiss"]
[EventRounds "5"]
[EventCountry "CAN"]
[SourceTitle "EXT 2022"]
[Source "ChessBase"]
[SourceDate "2021.10.06"]
[SourceVersion "1"]
[SourceVersionDate "2021.10.06"]
[SourceQuality "1"]

1. e4 d5 2. exd5 Nf6 3. c4 e6 4. dxe6 Bxe6 5. d4 Bb4+ 6. Nc3 Qe7 7. Be3 Ne4 8. Qc2 Bf5 9. Bd3 Nc6 10. Nge2 O-O-O 11. O-O Rhe8 12. a3 Nxc3 13. bxc3 g6 14. a4 Nb8 15. Nf4 Nd7 16. a5 Qh4 17. Rfb1 g5 18. Nd5 c6 19. Qb2 1-0

[Event "Montreal Mercredi 02"]
[Site "Montreal CAN"]
[Date "2012.03.14"]
[Round "4"]
[White "Millette, Sylvain"]
[Black "Bergeron, Jean-Guy"]
[Result "1-0"]
[WhiteElo "1533"]
[BlackElo "1514"]
[PlyCount "63"]
[GameId "2160767909576267"]
[EventDate "2012.02.22"]
[EventType "swiss"]
[EventRounds "5"]
[EventCountry "CAN"]
[SourceTitle "EXT 2022"]
[Source "ChessBase"]
[SourceDate "2021.10.06"]
[SourceVersion "1"]
[SourceVersionDate "2021.10.06"]
[SourceQuality "1"]

1. Nf3 c5 2. g3 d5 3. Bg2 Nc6 4. d4 cxd4 5. Nxd4 e5 6. Nxc6 bxc6 7. c4 Bb4+ 8. Bd2 Qd6 9. cxd5 Bxd2+ 10. Qxd2 c5 11. Nc3 Rb8 12. O-O f5 13. Rac1 Bd7 14. Rfe1 Nf6 15. e4 Rb4 16. exf5 O-O 17. a3 Rd4 18. Qe2 Re8 19. Ne4 Nxe4 20. Bxe4 Rf8 21. Qc2 Rxe4 22. Qxe4 Rxf5 23. Qe3 Qf8 24. Qxc5 Qa8 25. Re4 Qb8 26. b4 Rf3 27. Kg2 Rxa3 28. Qc7 Qe8 29. Rxe5 Qf7 30. Qd8+ Qf8 31. Qxd7 Qf3+ 32. Kg1 1-0

[Event "Montreal Mercredi 02"]
[Site "Montreal CAN"]
[Date "2012.03.14"]
[Round "4"]
[White "Sonn, Eric"]
[Black "Mestre, Evick"]
[Result "1-0"]
[WhiteElo "1552"]
[BlackElo "1510"]
[PlyCount "75"]
[GameId "2160767909576268"]
[EventDate "2012.02.22"]
[EventType "swiss"]
[EventRounds "5"]
[EventCountry "CAN"]
[SourceTitle "EXT 2022"]
[Source "ChessBase"]
[SourceDate "2021.10.06"]
[SourceVersion "1"]
[SourceVersionDate "2021.10.06"]
[SourceQuality "1"]

1. Nf3 d5 2. d4 Bg4 3. Ne5 Bf5 4. Bf4 Nf6 5. e3 Nbd7 6. Nd2 Nxe5 7. dxe5 Nd7 8. c4 e6 9. Be2 dxc4 10. e4 Bg6 11. Qa4 c6 12. Qxc4 Nb6 13. Qb3 Be7 14. Rd1 Qc7 15. Qe3 Rd8 16. O-O O-O 17. a4 a5 18. Bg3 h6 19. b3 Rd7 20. Nc4 Nxc4 21. Bxc4 Rfd8 22. Rxd7 Rxd7 23. f4 b6 24. Qe2 Bb4 25. Be1 Bxe1 26. Qxe1 Rd4 27. f5 Bh7 28. fxe6 fxe6 29. Bxe6+ Kh8 30. Rf8+ Bg8 31. Rxg8+ Kh7 32. Rf8 Qe7 33. Bg8+ Kh8 34. Qf1 Qxe5 35. Bc4+ Kh7 36. Qf5+ Qxf5 37. exf5 g6 38. Rf7+ 1-0

[Event "Montreal Mercredi 02"]
[Site "Montreal CAN"]
[Date "2012.03.14"]
[Round "4"]
[White "Valle-Romo, Ricardo"]
[Black "Gauthier, Denis"]
[Result "1-0"]
[WhiteElo "2085"]
[BlackElo "1935"]
[PlyCount "87"]
[GameId "2160767909576269"]
[EventDate "2012.02.22"]
[EventType "swiss"]
[EventRounds "5"]
[EventCountry "CAN"]

1. g3 Nf6 2. Bg2 d5 3. d3 c6 4. Nf3 Bg4 5. Nbd2 Nbd7 6. O-O e6 7. c3 Qc7 8. Qc2 Bd6 9. Re1 O-O 10. Nf1 Bh5 11. h3 h6 12. e4 Bg6 13. N3h2 e5 14. Ng4 Rfe8 15. Nxf6+ Nxf6 16. Ne3 dxe4 17. dxe4 Rad8 18. a4 a5 19. Nc4 Bc5 20. Be3 Bxe3 21. Rxe3 Rd7 22. b4 axb4 23. cxb4 Red8 24. a5 Rd4 25. Rae1 Qe7 26. Qc3 Qe6 27. Nb2 Ne8 28. Na4 Qc4 29. Rb1 Nd6 30. f3 Qe6 31. Nc5 Qe7 32. Bf1 Qg5 33. Kf2 Qe7 34. Bd3 f5 35. exf5 Bxf5 36. Qxd4 Ne4+ 37. Qxe4 Bxe4 38. Bxe4 Rd2+ 39. Re2 Qd6 40. Ke1 Rxe2+ 41. Kxe2 Qc7 42. Rd1 Qc8 43. Rd7 g5 44. Bf5 1-0

[Event "Montreal Mercredi 02"]
[Site "Montreal CAN"]
[Date "2012.03.14"]
[Round "4"]
[White "Weston, Paul"]
[Black "Rondon, Luciano"]
[Result "1-0"]
[WhiteElo "1878"]
[BlackElo "1792"]
[PlyCount "55"]
[GameId "2160767909576270"]
[EventDate "2012.02.22"]
[EventType "swiss"]
[EventRounds "5"]
[EventCountry "CAN"]
[SourceTitle "EXT 2022"]
[Source "ChessBase"]
[SourceDate "2021.10.06"]
[SourceVersion "1"]
[SourceVersionDate "2021.10.06"]
[SourceQuality "1"]

1. e4 c5 2. Nf3 e6 3. d4 cxd4 4. Nxd4 Nf6 5. Nc3 d6 6. Be2 Be7 7. O-O O-O 8. Be3 Nc6 9. Kh1 e5 10. Nb3 Be6 11. f4 exf4 12. Bxf4 d5 13. e5 Nd7 14. Nxd5 Ndxe5 15. Nxe7+ Qxe7 16. Bb5 Rfd8 17. Qe1 f6 18. Be3 Bc4 19. Bc5 Qc7 20. Bxc4+ Nxc4 21. Qc3 N4e5 22. Bg1 Qf7 23. Nd4 Nxd4 24. Bxd4 Rac8 25. Qe3 Ng4 26. Qf4 Qh5 27. c3 Ne5 28. Qg5 1-0

[Event "Montreal Mercredi 02"]
[Site "Montreal CAN"]
[Date "2012.03.21"]
[Round "5"]
[White "Bergeron, Jean-Guy"]
[Black "Berthiaume, Yves"]
[Result "1-0"]
[WhiteElo "1514"]
[BlackElo "1456"]
[PlyCount "117"]
[GameId "2160767909576271"]
[EventDate "2012.02.22"]
[EventType "swiss"]
[EventRounds "5"]
[EventCountry "CAN"]
[SourceTitle "EXT 2022"]
[Source "ChessBase"]
[SourceDate "2021.10.06"]
[SourceVersion "1"]
[SourceVersionDate "2021.10.06"]
[SourceQuality "1"]

1. c4 e5 2. g3 Nc6 3. Bg2 Nf6 4. Nc3 Bc5 5. e3 d6 6. Nge2 O-O 7. d4 exd4 8. exd4 Bb6 9. O-O Bg4 10. h3 Bh5 11. g4 Bg6 12. Bg5 h6 13. Bxf6 Qxf6 14. Nd5 Qd8 15. Nxb6 axb6 16. Nf4 Bh7 17. Nd5 Rb8 18. f4 Ne7 19. f5 Nxd5 20. Bxd5 Qh4 21. Bg2 Qg5 22. Qf3 Qf6 23. Qd3 c6 24. b4 Rfe8 25. d5 c5 26. bxc5 bxc5 27. Rab1 Re7 28. Rb6 Rbe8 29. Kh1 Re3 30. Qb1 Qe5 31. Rxb7 Qg3 32. Rb8 Qe5 33. a4 g6 34. Qb5 gxf5 35. gxf5 Kf8 36. a5 Bxf5 37. Rxe8+ Qxe8 38. Qxe8+ Kxe8 39. Rxf5 Ra3 40. Rf6 Ke7 41. Rxh6 Rxa5 42. Rh4 Ra3 43. Rf4 Rg3 44. h4 Rg7 45. h5 Rh7 46. Bf3 Rh6 47. Kh2 f6 48. Kh3 Kd7 49. Rg4 Ke7 50. Kh4 Kf7 51. Be4 Kf8 52. Bf5 Kf7 53. Re4 Rh8 54. Bg6+ Kg7 55. Re7+ Kh6 56. Rd7 f5 57. Rxd6 Ra8 58. Rd7 Rh8 59. d6 1-0

[Event "Montreal Mercredi 02"]
[Site "Montreal CAN"]
[Date "2012.03.21"]
[Round "5"]
[White "Bergeron, Rene"]
[Black "Weston, Paul"]
[Result "1-0"]
[WhiteElo "1747"]
[BlackElo "1878"]
[PlyCount "93"]
[GameId "2160767909576272"]
[EventDate "2012.02.22"]
[EventType "swiss"]
[EventRounds "5"]
[EventCountry "CAN"]
[SourceTitle "EXT 2022"]
[Source "ChessBase"]
[SourceDate "2021.10.06"]
[SourceVersion "1"]
[SourceVersionDate "2021.10.06"]
[SourceQuality "1"]

1. c4 Nf6 2. Nc3 e5 3. g3 g6 4. Bg2 Bg7 5. Rb1 a5 6. a3 O-O 7. d3 d6 8. Nf3 h6 9. O-O Nc6 10. b4 axb4 11. axb4 Be6 12. Nd2 Qd7 13. b5 Nd8 14. Re1 d5 15. Na4 dxc4 16. Nc5 Qc8 17. Nxe6 Nxe6 18. Nxc4 Nd7 19. Bb2 Re8 20. Rc1 Qb8 21. Bc3 Nd4 22. Rb1 Nc5 23. e3 Na4 24. Ba1 Nf5 25. Qb3 Nc5 26. Qc2 Nd7 27. Red1 Nd6 28. Qc3 Nxc4 29. Qxc4 Nb6 30. Qb3 Nc8 31. Bd5 Nd6 32. Bc3 Qd8 33. Bb4 Ra7 34. Bxd6 cxd6 35. Bxf7+ Kh7 36. Bxe8 Qxe8 37. b6 Ra5 38. Qb4 Rc5 39. Rdc1 Rc6 40. Qe4 Rxc1+ 41. Rxc1 Qb5 42. Qxb7 Qxd3 43. Qc7 d5 44. b7 d4 45. exd4 e4 46. b8=Q e3 47. Qf8 1-0

[Event "Montreal Mercredi 02"]
[Site "Montreal CAN"]
[Date "2012.03.21"]
[Round "5"]
[White "Chenard, Yanick"]
[Black "Sonn, Eric"]
[Result "1-0"]
[WhiteElo "1510"]
[BlackElo "1552"]
[PlyCount "81"]
[GameId "2160767909576273"]
[EventDate "2012.02.22"]
[EventType "swiss"]
[EventRounds "5"]
[EventCountry "CAN"]
[SourceTitle "EXT 2022"]
[Source "ChessBase"]
[SourceDate "2021.10.06"]
[SourceVersion "1"]
[SourceVersionDate "2021.10.06"]
[SourceQuality "1"]

1. e4 e6 2. c4 Ne7 3. Nc3 d5 4. cxd5 exd5 5. d3 d4 6. Qa4+ Nbc6 7. Nce2 g6 8. Nf3 Bg7 9. Bg5 Bd7 10. Bxe7 Nxe7 11. Qc4 Be6 12. Qb5+ c6 13. Qxb7 Rb8 14. Qxa7 Rxb2 15. Nexd4 Bc8 16. Nb3 Bc3+ 17. Nfd2 Be6 18. Qc5 Rc2 19. Kd1 Bxb3 20. Nxb3 Rxf2 21. Qxc3 O-O 22. Qd4 Qxd4 23. Nxd4 f5 24. exf5 Nxf5 25. Nxf5 R8xf5 26. Ke1 Rb2 27. d4 Kg7 28. Be2 Rf4 29. Rf1 Rxd4 30. Kf2 Rdd2 31. Rfe1 c5 32. Ke3 c4 33. Bxc4 Rxg2 34. Re2 Rxh2 35. Rxh2 Rxh2 36. a4 Rh5 37. a5 Re5+ 38. Kf4 Re7 39. a6 Kf6 40. a7 g5+ 41. Kf3 1-0

[Event "Montreal Mercredi 02"]
[Site "Montreal CAN"]
[Date "2012.03.21"]
[Round "5"]
[White "Giroux, Robert"]
[Black "Gauthier, Luc"]
[Result "1-0"]
[WhiteElo "1807"]
[BlackElo "1738"]
[PlyCount "107"]
[GameId "2160767909576274"]
[EventDate "2012.02.22"]
[EventType "swiss"]
[EventRounds "5"]
[EventCountry "CAN"]
[SourceTitle "EXT 2022"]
[Source "ChessBase"]
[SourceDate "2021.10.06"]
[SourceVersion "1"]
[SourceVersionDate "2021.10.06"]
[SourceQuality "1"]

1. Nf3 f5 2. d4 Nf6 3. g3 e6 4. Bg2 Be7 5. c4 d6 6. O-O O-O 7. Nc3 Qe8 8. b3 Ne4 9. Bb2 Nxc3 10. Bxc3 Bf6 11. Re1 Nc6 12. e4 e5 13. dxe5 dxe5 14. exf5 Bxf5 15. Nxe5 Nxe5 16. Bxe5 Bxe5 17. Qd5+ Kh8 18. Rxe5 c6 19. Rxe8 cxd5 20. Rxa8 Rxa8 21. Bxd5 Rb8 22. Re1 g6 23. Kg2 a5 24. h3 h5 25. f3 b6 26. g4 hxg4 27. hxg4 Bc2 28. Be4 Bxe4 29. Rxe4 Kg7 30. Kf2 Kf6 31. Rd4 Rc8 32. Rd5 Ke6 33. f4 a4 34. Rb5 axb3 35. axb3 Rc6 36. Ke3 Rd6 37. Re5+ Kf6 38. b4 Rd1 39. Rb5 Re1+ 40. Kf3 Re6 41. c5 bxc5 42. bxc5 Re1 43. Rb6+ Kf7 44. g5 Rc1 45. Rf6+ Kg7 46. c6 Rc3+ 47. Ke4 Rc1 48. Kd5 Rd1+ 49. Kc5 Rc1+ 50. Kd6 Rd1+ 51. Ke7 Re1+ 52. Kd7 Rd1+ 53. Rd6 Ra1 54. c7 1-0

[Event "Montreal Mercredi 02"]
[Site "Montreal CAN"]
[Date "2012.03.21"]
[Round "5"]
[White "Hebert, Pierre"]
[Black "Le Bas, Nicolas"]
[Result "0-1"]
[WhiteElo "1634"]
[BlackElo "1568"]
[PlyCount "78"]
[GameId "2160767909576275"]
[EventDate "2012.02.22"]
[EventType "swiss"]
[EventRounds "5"]
[EventCountry "CAN"]
[SourceTitle "EXT 2022"]
[Source "ChessBase"]
[SourceDate "2021.10.06"]
[SourceVersion "1"]
[SourceVersionDate "2021.10.06"]
[SourceQuality "1"]

1. d4 Nf6 2. c4 g6 3. Nc3 Bg7 4. e4 d6 5. Be2 O-O 6. Bg5 h6 7. Be3 Nbd7 8. Qd2 Kh7 9. h4 e5 10. d5 Nc5 11. f3 Ng8 12. g4 f5 13. O-O-O f4 14. Bxc5 dxc5 15. Nh3 Qxh4 16. Nxf4 Qe7 17. Nd3 Bf6 18. Kb1 Bg5 19. Qe1 Be3 20. Qg3 a6 21. Qxe5 Qd7 22. Qh2 b5 23. e5 bxc4 24. e6 Qg7 25. Nxc5 Bxc5 26. Ne4 Be3 27. g5 h5 28. Bxc4 Bf4 29. Qh3 Rb8 30. b3 a5 31. Bd3 Ba6 32. Nf6+ Nxf6 33. gxf6 Bxd3+ 34. Rxd3 Qxf6 35. Qg2 a4 36. Qc2 Bd6 37. Re3 Kg7 38. Qg2 Qf5+ 39. Kc1 Bf4 0-1

[Event "Montreal Mercredi 02"]
[Site "Montreal CAN"]
[Date "2012.03.21"]
[Round "5"]
[White "Munshi, Shawkat"]
[Black "Cote, Philippe"]
[Result "0-1"]
[WhiteElo "1607"]
[BlackElo "1704"]
[PlyCount "37"]
[GameId "2160767909576276"]
[EventDate "2012.02.22"]
[EventType "swiss"]
[EventRounds "5"]
[EventCountry "CAN"]
[SourceTitle "EXT 2022"]
[Source "ChessBase"]
[SourceDate "2021.10.06"]
[SourceVersion "1"]
[SourceVersionDate "2021.10.06"]
[SourceQuality "1"]

1. Nf3 d6 2. d4 g6 3. b3 Bg7 4. Bb2 c5 5. e3 cxd4 6. exd4 Nf6 7. Be2 O-O 8. O-O Bf5 9. Bd3 Qd7 10. Re1 Nc6 11. c3 Rac8 12. Qc2 Nb4 13. Bxf5 Nxc2 14. Bxd7 Nxe1 15. Bxc8 Nxf3+ 16. gxf3 Rxc8 17. Nd2 Nd5 18. a4 Nxc3 19. Ne4 0-1